1382 1300 1857 1658 1553 1383 1812 1215 1689 1764 1210 1508 1757 1325 1980 1633 1462 1230 1032 1783 1926 1971 1083 1838 1105 1740 1957 1007 1752 1774 1652 1093 1338 1432 1212 1957 1381 1876 1113 1237 1316 1534 1224 1986 1875 1707 1165 1639 1124 1875 1286 1475 1758 1132 1064 1089 1346 1653 1165 1546 1398 1565 1053 1067 1275 1514 1774 1228 1339 1403 1730 1783 1116 1646 1074 1320 1444 1035 1089 1675 1045 1926 1177 1350 1514 1919 1245 1318 1137 1643 1155 1684 1849 1097 1822 1302 1961 1686 1381 BCNSPRNW ULIB Ver.6.0+V

เปลี่ยนเป็นภาษาไทย

Change to English
 แสดงรายละเอียดบรรณานุกรม
  กลับหน้าหลัก

Brief Record : Get Marc (ISO 2709) : E-mail record : QR code < ปิดหน้าต่าง
LEADER : 00000nam 2200000uu 4500
001    13399114517
003     ULIB
008    120411s2552||||th 000 0 tha d
020    ^a9786167190105
090    ^aนว.^bป475ท
100 0  ^aปรุฬห์
245 00 ^aทัณฑ์ซาตาน /^cปรุฬห์
250    ^aพิมพ์ครั้งที่ 1
260    ^aกรุงเทพฯ :^bอินเลิฟ,^c2552
300    ^a280 หน้า
710 1  ^aอินเลิฟ
945    ^p189^l0^i16425
995    ^aกัณชพร
999 ^a ใช้งานได้ทุกระบบ
รายการนี้ยังไม่มีแท็ก
คุณยังไม่ได้ล็อกอิน คุณสามารถมีกิจกรรมร่วมกับเว็บไซต์ได้ แต่ต้องล็อกอินก่อน ::
  ล็อกอิน

รายการสื่อสารสนเทศ

ลำดับที่ ประเภท เลขเรียก/บาร์โค้ด สถานที่ สถานะ
1. นวนิยาย
นวนิยาย
นว. ป475ท  
  Barcode: 16425
ห้องสมุดวิทยาเขตสวรรค์ประชารักษ์
►นวนิยาย
ถูกยืม กำหนดส่งวันที่ 16 ธันวาคม 2559
  จอง

BibComment


ยังไม่เคยถูกคอมเมนท์

คอมเมนท์ทรัพยากรรายการนี้
  คอมเมนท์: ทัณฑ์ซาตาน ปรุฬห์


 Copyright 2026. Bcnsprnw @Library